Normal view
MARC view
Entry Topical Term
001 - CONTROL NUMBER
- control field: 125372
003 - CONTROL NUMBER IDENTIFIER
- control field: OSt
005 - DATE AND TIME OF LATEST TRANSACTION
- control field: 20230704101744.0
008 - FIXED-LENGTH DATA ELEMENTS
- fixed length control field: 230704|| aca||aabn | a|a d
040 ## - CATALOGING SOURCE
- Original cataloging agency: OSt
- Transcribing agency: OSt
150 ## - HEADING--TOPICAL TERM
- Topical term or geographic name entry element: Compositing Techniques
670 ## - SOURCE DATA FOUND
- Source citation: Work cat.: (OSt): Maxim Jago 125368, Pr Abode Premiere Pro CC 2019 release:, 2019